000
00263nam a2200109 4500
008
160629b xxu||||| |||| 00| 0 eng d
100
_9
1333
_a
Maheswari., et al
245
_a
Biology - XI
260
_a
N.D
_b
Arya
_c
2004
300
_a
Biology - XI
942
_2
ddc
_c
BK
999
_c
1091
_d
1091